| Tag |
First Indicator |
Second Indicator |
Subfields |
| LEADER |
00000cam a22000004a 4500 |
| 001 |
in00001818321 |
| 005 |
20151026052638.0 |
| 008 |
030620s2004 nyua b 001 0 eng |
| 010 |
|
|
|a 2003059940
|
| 020 |
|
|
|a 1555704794 (alk. paper)
|
| 035 |
|
|
|a (OCoLC)ocm52520334
|
| 040 |
|
|
|a DLC
|c DLC
|d TXA
|d UtOrBLW
|
| 042 |
|
|
|a pcc
|
| 043 |
|
|
|a n-us---
|
| 049 |
|
|
|a TXAM
|
| 050 |
0 |
0 |
|a Z5710
|b .M38 2003
|a GT3930
|
| 082 |
0 |
0 |
|a 394.26
|2 21
|
| 090 |
|
|
|a GT3930
|b .M38 2004
|
| 100 |
1 |
|
|a Matthew, Kathryn I.
|
| 245 |
1 |
0 |
|a Neal-Schuman guide to celebrations and holidays around the world :
|b the best books, media, and multicultural learning activities /
|c by Kathryn I. Matthew and Joy L. Lowe.
|
| 246 |
3 |
0 |
|a Guide to celebrations and holidays around the world
|
| 264 |
|
1 |
|a New York, NY :
|b Neal-Schuman Publishers,
|c [2004]
|
| 264 |
|
4 |
|c ©2004
|
| 300 |
|
|
|a xx, 452 pages :
|b illustrations ;
|c 28 cm.
|
| 336 |
|
|
|a text
|b txt
|2 rdacontent
|
| 337 |
|
|
|a unmediated
|b n
|2 rdamedia
|
| 338 |
|
|
|a volume
|b nc
|2 rdacarrier
|
| 504 |
|
|
|a Includes bibliographical references and indexes.
|
| 650 |
|
0 |
|a Holidays
|v Bibliography.
|
| 650 |
|
0 |
|a Festivals
|v Bibliography.
|
| 650 |
|
0 |
|a Children's literature
|v Bibliography.
|
| 650 |
|
0 |
|a Children
|x Books and reading
|z United States
|v Bibliography.
|
| 650 |
|
0 |
|a Children's literature
|x Study and teaching (Elementary)
|z United States
|v Bibliography.
|
| 700 |
1 |
|
|a Lowe, Joy L.
|
| 948 |
|
|
|a cataloged
|b h
|c 2004/3/24
|d c
|e jgreene
|f 3:30:41 pm
|
| 994 |
|
|
|a E0
|b TXA
|
| 999 |
|
|
|a MARS
|
| 999 |
f |
f |
|s a31c333e-bf96-3852-ab3f-7196136a6b02
|i 41771366-f3eb-39c9-9b31-0b982dc5bd3e
|t 0
|
| 952 |
f |
f |
|p ric
|a Texas A&M University
|b Rellis Campus
|c Joint Library Facility
|d Remote Storage
|t 0
|e GT3930 .M38 2004
|h Library of Congress classification
|i unmediated -- volume
|m A14831092401
|
| 998 |
f |
f |
|a GT3930 .M38 2004
|t 0
|l Remote Storage
|